Further building and engineering standard forms (Record no. 87280)

MARC details
000 -LEADER
fixed length control field 00551cam a2200181 4500
008 - FIXED-LENGTH DATA ELEMENTS--GENERAL INFORMATION
fixed length control field 090401t1973 xxu||||| |||| 00| 0 eng d
020 ## - INTERNATIONAL STANDARD BOOK NUMBER
International Standard Book Number 0421179708
035 ## - SYSTEM CONTROL NUMBER
System control number (Sirsi) u15408
041 ## - LANGUAGE CODE
Language code of text/sound track or separate title eng
100 ## - MAIN ENTRY--PERSONAL NAME
Personal name Wallace, Ian Norman Duncan
245 ## - TITLE STATEMENT
Title Further building and engineering standard forms
260 ## - PUBLICATION, DISTRIBUTION, ETC.
Place of publication, distribution, etc. London
Name of publisher, distributor, etc. Sweet and Maxwell
Date of publication, distribution, etc. 1973
300 ## - PHYSICAL DESCRIPTION
Extent xi. 248p. 26cm. Index
350 ## - PRICE (NR) (BK AM CF MU VM SE) [OBSOLETE]
Price 7
520 ## - SUMMARY, ETC.
Summary, etc. A continuation of Building and civil engineering standard forms,published in 1969.`-Preface.
942 ## - ADDED ENTRY ELEMENTS (KOHA)
Suppress in OPAC 0
948 ## - LOCAL PROCESSING INFORMATION (OCLC); SERIES PART DESIGNATOR (RLIN)
c (OCLC) 04/03/1997
Holdings
Withdrawn status Lost status Source of classification or shelving scheme Damaged status Not for loan Home library Current library Shelving location Date acquired Cost, normal purchase price Total Checkouts Full call number Barcode Date last seen Copy number Cost, replacement price Price effective from Koha item type
    Dewey Decimal Classification     London London Basement 14/09/1999 7.00   SHELF 136 30018515 06/08/2019 1 7.00 06/08/2019 Book